Italian Serie A Teams Since 2000 - Statistics

General Stats
  • This quiz has been taken 109 times
    94 since last reset
  • The average score is 38 of 47
Answer Stats
No. of seasons in Serie A since 2000 Current Division Last year in Serie A Answer % Correct
22 Serie A 2022 AC Milan
100%
22 Serie A 2022 Internazionale
100%
21 Serie A 2022 Juventus
100%
22 Serie A 2022 Lazio
100%
22 Serie A 2022 Roma
100%
20 Serie A 2022 Fiorentina
97%
16 Serie A 2022 Napoli
96%
9 Serie A 2022 Sassuolo
96%
15 Serie A 2022 Genoa
95%
9 Serie A 2022 Hellas Verona
95%
12 Serie C 2017 Palermo
95%
18 Serie A 2022 Sampdoria
95%
18 Serie A 2022 Bologna
94%
22 Serie A 2022 Udinese
94%
2 Serie A 2022 Venezia
94%
19 Serie A 2022 Atalanta
92%
17 Serie A 2022 Cagliari
90%
15 Serie A 2022 Torino
90%
17 Serie B 2019 Chievo
89%
9 Serie B 2020 Lecce
87%
17 Serie B 2021 Parma
87%
8 Serie C 2014 Catania
86%
10 Serie A 2022 Empoli
86%
3 Serie C 2011 Bari
85%
1 Serie A 2022 Salernitana
81%
2 Serie A 2022 Spezia
77%
2 Serie B 2021 Benevento
76%
3 Serie C 2007 Messina
75%
1 Serie B 2003 Como
73%
3 Serie B 2021 Crotone
73%
8 Serie B 2009 Reggina
73%
7 Serie B 2020 Brescia
72%
4 Serie B 2004 Perugia
71%
2 Serie C 2017 Pescara
71%
2 Serie B 2019 Frosinone
70%
6 Serie D 2014 Livorno
70%
2 Serie C 2004 Modena
68%
1 Serie B 2001 Vicenza
66%
3 Serie B 2020 SPAL
65%
2 Serie B 2007 Ascoli
63%
3 Serie C 2015 Cesena
63%
9 Serie D 2013 Siena
61%
1 Serie C 2016 Carpi
58%
1 Serie C 2012 Novara
57%
1 Eccellenza (5th level) 2004 Ancona
46%
2 Serie C 2003 Piacenza
41%
1 Promozione (6th level) 2006 Treviso
39%
No matching quizzes found
Score Distribution
Percent of People with Each Score
Percentile by Number Answered
Your Score History
You have not taken this quiz since the last reset